header

Narrative, religion, and science (Record no. 362)

MARC details
000 -LEADER
fixed length control field 01268nam a22003254a 4500
082 04 - DEWEY DECIMAL CLASSIFICATION NUMBER
Classification number 808
100 1# - MAIN ENTRY--AUTHOR NAME
Personal name Prickett, Stephen.
245 10 - TITLE STATEMENT
Title Narrative, religion, and science
260 ## - PUBLICATION, DISTRIBUTION, ETC. (IMPRINT)
Place of publication Cambridge ;
-- New York :
Name of publisher Cambridge University Press,
Year of publication 2002.
300 ## - PHYSICAL DESCRIPTION
Number of Pages viii, 281 p.
650 #0 - SUBJECT ADDED ENTRY--TOPICAL TERM
Topical Term Narration (Rhetoric)
Topical Term Literature and science.
Topical Term Religion and literature.
856 40 - ELECTRONIC LOCATION AND ACCESS
Uniform Resource Identifier http://site.ebrary.com/lib/rucke/Doc?id=10006835

No items available.

© 2026 Rongo University
Contact us: librarian | system librarian | Rongo university